Statistics for Most TikTok Followers

Click here to take the quiz!

General Stats

  • This quiz has been taken 25 times
    (13 since last reset)
  • The average score is 6 of 25

Answer Stats

RankDescriptionNationalityFollower Count (millions)Answer% Correct
2Dancer & social media personalityAmerican150.4Charli D'Amelio
100%
4Dancer & social media personalityAmerican88.8Addison Rae
80%
16Singer & social media personalityAmerican57.3Dixie D'Amelio
60%
1Social media personalityItalian/Senegalese155.8Khabane Lame
60%
3Singer & social media personalityFilipino/American92.9Bella Poarch
50%
13BandKorean58.6BTS
50%
11Actor & former wrestlerAmerican69.3Dwayne Johnson
30%
20Model & socialiteAmerican52.2Kylie Jenner
30%
9Social media platformChinese71.0TikTok
20%
6Filmmaker & social media personalityAmerican74.8Zach King
20%
25SingerAmerican47.3Billie Eilish
10%
10Social media personalityTurkish69.7Burak Özdemir
10%
12Social media personalityMexican65.2Dominik Lipa
10%
23Social media personalityKazakh49.1HOMA
10%
15Singer & dancerAmerican57.7Jason Derulo
10%
5Social media personalityAmerican79.7Jimmy Donaldson
10%
7Singer & social media personalityMexican73.8Kimberly Loaiza
10%
24Social media personalityCanadian48.9Kris Collins
10%
21Dancer & social media personalityAmerican52.1Michael Le
10%
14Singer, songwriter & actressAmerican57.8Selena Gomez
10%
17Beatboxer & social media personalityAmerican55.3Spencer Polanco Knight
10%
8ActorAmerican73.0Will Smith
10%
19Social media personalityKorean54.4Won Jeong
10%
18Singer, dancer & social media personalityAmerican54.4Loren Gray
0%
22Social media personalityGerman51.8Younes Zarou
0%

Score Distribution

Percentile by Number Answered

Percent of People with Each Score

Your Score History

You have not taken this quiz since the last reset